| Tag |
First Indicator |
Second Indicator |
Subfields |
| LEADER |
00000cam a2200000 4500 |
| 001 |
in00003873113 |
| 005 |
20190415191842.0 |
| 006 |
m o d |
| 007 |
cr |n||||||||n |
| 008 |
790922s1774 enk|||| o 00||||eng c |
| 035 |
|
|
|a (CU-RivES)T53850
|
| 035 |
|
|
|a (Uk-ES)006325656
|
| 035 |
|
|
|a (OCoLC)508689992
|
| 040 |
|
|
|a Uk-ES
|c Uk-ES
|d CU-RivES
|d CStRLIN
|d Cengage Gale
|d UtOrBLW
|
| 110 |
2 |
|
|a Mr. Langford and Son.
|0 http://id.loc.gov/authorities/names/no90013469
|
| 245 |
1 |
2 |
|a A catalogue of the duplicate medals of the British Museum; consisting of Grecian, Roman, and Modern :
|b Which (by order of the trustees) will be sold by auction, by Mess. Langford's at their house in the Great Piazza, Covent Garden, on Monday the 7th of this instant March 1774, and the following day. The said collection may be viewed on Friday the 4th, and to the time of sale, (Sunday excepted) which will begin each day punctually at twelve o'clock. Catalogues of which may be had gratis at Mess. Langford's aforesaid.
|
| 264 |
|
1 |
|a [London] :
|b [publisher not identified],
|c [1774]
|
| 300 |
|
|
|a 1 online resource (10 pages)
|
| 336 |
|
|
|a text
|b txt
|2 rdacontent
|
| 337 |
|
|
|a computer
|b c
|2 rdamedia
|
| 338 |
|
|
|a online resource
|b cr
|2 rdacarrier
|
| 510 |
4 |
|
|a English Short Title Catalog,
|c T53850.
|
| 500 |
|
|
|a Reproduction of original from Trinity College Library.
|
| 500 |
|
|
|a Electronic resource.
|
| 650 |
|
0 |
|a Medals
|v Catalogs
|v Early works to 1800.
|
| 655 |
|
7 |
|a Electronic books.
|2 local
|
| 655 |
|
7 |
|a Advertisements.
|2 rbgenr
|
| 710 |
2 |
|
|a Gale (Firm)
|0 http://id.loc.gov/authorities/names/no2008071348
|
| 752 |
|
|
|a Great Britain
|b England
|d London.
|
| 856 |
4 |
0 |
|u http://proxy.library.tamu.edu/login?url=http://find.galegroup.com/ecco/infomark.do?contentSet=ECCOArticles&docType=ECCOArticles&bookId=1720903300&type=getFullCitation&tabID=T001&prodId=ECCO&docLevel=TEXT_GRAPHICS&version=1.0&source=library&userGroupName=txshracd2898
|z Connect to the full text of this electronic book
|t 0
|
| 999 |
f |
f |
|s bf718659-6678-3b60-ac70-6c808eecd94b
|i a442b5e2-4eb7-332c-b93a-c6f5bc5bcf26
|t 0
|
| 952 |
f |
f |
|a Texas A&M University
|b College Station
|c Electronic Resources
|d Available Online
|t 0
|h No information provided
|
| 998 |
f |
f |
|t 0
|l Available Online
|